[Event "Carlos Torre Memorial op 21st"]
[Site "Merida"]
[Date "2008.12.16"]
[Round "6"]
[White "Garmendez Gonzalez, Carlos"]
[Black "Estrada Nieto, Julian"]
[Result "0-1"]
[WhiteElo "2189"]
[BlackElo "2347"]
[PlyCount "44"]
[EventDate "2008.12.13"]
[EventType "swiss"]
[EventRounds "9"]
[EventCountry "MEX"]
[SourceTitle "CBM 127 Extra"]
[Source "ChessBase"]
[SourceDate "2009.01.08"]
[SourceVersion "2"]
[SourceVersionDate "2009.01.28"]
[SourceQuality "1"]

1. d4 d5 2. c4 dxc4 3. e4 e5 4. Nf3 exd4 5. Bxc4 Nc6 6. 0-0 Be6 7. Bxe6 fxe6 8. Qb3 Qd7 9. Qxb7 Rb8 10. Qa6 Nf6 11. Nbd2 Bd6 12. a3 0-0 13. b4 Ng4 14. Re1 Rb6 15. Qe2 d3 16. Qd1 Qf7 17. Bb2 Bxh2+ 18. Nxh2 Qxf2+ 19. Kh1 Nxh2 20. Kxh2 Rf4 21. Nf3 Rb5 22. e5 Rg4 0-1

[Event "MEX-ch"]
[Site "Mexico City"]
[Date "2008.08.23"]
[Round "2"]
[White "Hernandez Guerrero, Gilberto Eduardo"]
[Black "Garmendez Gonzalez, Carlos"]
[Result "1-0"]
[WhiteElo "2550"]
[BlackElo "2212"]
[PlyCount "117"]
[EventDate "2008.08.22"]
[EventType "swiss"]
[EventRounds "9"]
[EventCountry "MEX"]
[SourceTitle "EXT 2009"]
[Source "ChessBase"]
[SourceDate "2008.11.26"]
[SourceVersion "1"]
[SourceVersionDate "2008.11.26"]
[SourceQuality "1"]

1. e4 g6 2. d4 Bg7 3. Nc3 d6 4. f4 Nf6 5. Nf3 0-0 6. Be3 Bg4 7. h3 Bxf3 8. Qxf3 c6 9. e5 Nfd7 10. h4 h5 11. 0-0-0 f5 12. exf6 Nxf6 13. Bd3 Qe8 14. Rhe1 e6 15. Ne4 Nxe4 16. Qxe4 Rf6 17. g4 hxg4 18. Rg1 Nd7 19. Rxg4 e5 20. fxe5 dxe5 21. Rxg6 Rxg6 22. Qxg6 Qxg6 23. Bxg6 exd4 24. Bxd4 Bxd4 25. Rxd4 Ne5 26. h5 Kg7 27. Rd6 Rh8 28. b3 a5 29. Re6 Nxg6 30. hxg6 Rh5 31. Kb2 Rc5 32. c4 a4 33. Kc3 axb3 34. axb3 Rg5 35. Kb4 Kf8 36. Ka4 b5+ 37. Kb4 bxc4 38. bxc4 c5+ 39. Kb5 Rf5 40. Rc6 Rg5 41. Rxc5 Rxg6 42. Re5 Kf7 43. c5 Kf6 44. Re1 Rg2 45. c6 Rb2+ 46. Ka6 Kf7 47. c7 Rc2 48. Kb7 Rb2+ 49. Kc8 Rb3 50. Re4 Kf6 51. Kd7 Rd3+ 52. Kc6 Rc3+ 53. Kd6 Rc1 54. Re8 Rd1+ 55. Kc6 Rc1+ 56. Kb6 Rb1+ 57. Ka5 Ra1+ 58. Kb4 Rb1+ 59. Ka3 1-0

[Event "Carlos Torre Memorial op 14th"]
[Site "Merida"]
[Date "2001.12.20"]
[Round "7"]
[White "Garmendez Gonzalez, Carlos"]
[Black "Zapata, Alonso"]
[Result "1/2-1/2"]
[WhiteElo "2258"]
[BlackElo "2530"]
[PlyCount "22"]
[EventDate "2001.12.01"]
[EventType "swiss"]
[EventRounds "9"]
[EventCountry "MEX"]
[SourceTitle "CBM 085 Extra"]
[Source "ChessBase"]
[SourceDate "2002.01.21"]
[SourceVersion "1"]
[SourceVersionDate "2002.01.21"]
[SourceQuality "1"]

1. e4 c5 2. Nf3 e6 3. d4 cxd4 4. Nxd4 a6 5. c4 Qc7 6. Nc3 Nf6 7. h3 Bb4 8. Bd3 Nc6 9. Nde2 d5 10. cxd5 exd5 11. 0-0 dxe4 1/2-1/2

[Event "MEX-ch 47th"]
[Site "Irapuato"]
[Date "2001.??.??"]
[Round "5"]
[White "Almeida Saenz, Alfonso"]
[Black "Garmendez Gonzalez, Carlos"]
[Result "0-1"]
[WhiteElo "2365"]
[BlackElo "2236"]
[PlyCount "108"]
[EventDate "2001.04.11"]
[EventType "swiss"]
[EventRounds "7"]
[EventCountry "MEX"]
[SourceTitle "EXT 2002"]
[Source "ChessBase"]
[SourceDate "2001.11.25"]
[SourceVersion "1"]
[SourceVersionDate "2001.11.25"]
[SourceQuality "1"]

1. d4 Nf6 2. Nf3 g6 3. c4 Bg7 4. Nc3 d6 5. g3 0-0 6. Bg2 Nc6 7. Bf4 a5 8. d5 Nb8 9. Qd2 Nbd7 10. Bh6 Re8 11. Bxg7 Kxg7 12. 0-0 Nc5 13. Nh4 Bd7 14. e4 e5 15. Rae1 Qe7 16. Re2 Reb8 17. f4 exf4 18. Rxf4 Rf8 19. Nf3 Ng4 20. h3 Ne5 21. Nxe5 dxe5 22. Rf1 Qd6 23. g4 b6 24. Ref2 Nb7 25. Ne2 Qc5 26. Kh2 h6 27. Rf6 Nd6 28. Ng3 Qb4 29. Qe3 Qxb2 30. Nh5+ Kh7 31. Rxd6 cxd6 32. Nf6+ Kg7 33. Nxd7 Rfd8 34. Nxb6 Rab8 35. Na4 Qxa2 36. Qa7 Rf8 37. Nb6 Qb3 38. c5 dxc5 39. Nd7 Rb7 40. Nxc5 Rxa7 41. Nxb3 a4 42. Ra1 Rb8 43. Nc5 a3 44. d6 Ra5 45. Nd3 Rd8 46. Ra2 Rxd6 47. Bf1 Rd4 48. Kg3 Rxe4 49. Kf3 Rea4 50. Ke3 f5 51. gxf5 gxf5 52. Bg2 Kf6 53. Bc6 Rc4 54. Bb7 Ke7 0-1

[Event "MEX-ch Absoluto"]
[Site "Pachuca"]
[Date "2001.??.??"]
[Round "2"]
[White "Garmendez Gonzalez, Carlos"]
[Black "Galvan Llop, Roberto"]
[Result "1-0"]
[WhiteElo "2258"]
[BlackElo "2055"]
[PlyCount "76"]
[EventDate "2001.11.16"]
[EventType "swiss"]
[EventRounds "7"]
[EventCountry "MEX"]
[SourceTitle "EXT 2003"]
[Source "ChessBase"]
[SourceDate "2002.11.25"]
[SourceVersion "1"]
[SourceVersionDate "2002.11.25"]
[SourceQuality "1"]

1. e4 e6 2. d3 d5 3. Nd2 Nf6 4. Ngf3 Be7 5. Be2 0-0 6. 0-0 dxe4 7. dxe4 b6 8. Bd3 Bb7 9. a3 a5 10. Qe2 Nbd7 11. e5 Nd5 12. Ne4 c5 13. c4 Nc7 14. Rd1 f5 15. exf6 Bxf6 16. Nfg5 Bd4 17. Be3 Ne5 18. Bc2 h6 19. Nh7 Kxh7 20. Bxd4 cxd4 21. Nd6+ d3 22. Bxd3+ Nxd3 23. Qxd3+ Kg8 24. Nxb7 Qxd3 25. Rxd3 Ra7 26. Nd6 Rd8 27. Rad1 Na6 28. Nb5 Rxd3 29. Rxd3 Rb7 30. Kf1 Nc5 31. Rd8+ Kh7 32. Ke2 a4 33. f3 Kg6 34. Ke3 Kf6 35. Nd6 Rc7 36. Ra8 Ke5 37. Nb5 Nb3 38. Nxc7 Nd2 1-0

[Event "Carlos Torre Memorial op 13th"]
[Site "Merida"]
[Date "2000.12.20"]
[Round "7"]
[White "Garmendez Gonzalez, Carlos"]
[Black "Gonzalez Garcia, Jose"]
[Result "0-1"]
[WhiteElo "2224"]
[BlackElo "2440"]
[PlyCount "84"]
[EventDate "2000.12.15"]
[EventType "swiss"]
[EventRounds "9"]
[EventCountry "MEX"]
[SourceTitle "CBM 079 Extra"]
[Source "ChessBase"]
[SourceDate "2001.01.11"]
[SourceVersion "2"]
[SourceVersionDate "2001.01.25"]
[SourceQuality "1"]

1. e4 c5 2. Nf3 d6 3. d4 cxd4 4. Nxd4 Nf6 5. Nc3 Nc6 6. Be2 e5 7. Nb3 Be7 8. Bg5 0-0 9. Bxf6 Bxf6 10. Nd5 Bg5 11. c3 Be6 12. Bg4 a5 13. a4 Ne7 14. Bxe6 fxe6 15. Nxe7+ Bxe7 16. 0-0 Qb6 17. Qc2 Rf6 18. Rad1 Raf8 19. g3 Bd8 20. Kg2 Qc6 21. f3 Bc7 22. Nd2 b5 23. Ra1 Rb8 24. b3 bxa4 25. bxa4 Bb6 26. Qd3 Rc8 27. Rab1 Ba7 28. Rb3 Rf7 29. Qb5 Rfc7 30. Qxa5 Be3 31. Nb1 Ra7 32. Qb5 Rxa4 33. Qxc6 Rxc6 34. h4 d5 35. Rd1 d4 36. f4 Ra2+ 37. Kh3 exf4 38. gxf4 Bxf4 39. Rf1 e5 40. h5 Rh6 41. Rb8+ Kf7 42. Rb7+ Kf6 0-1

[Event "Carlos Torre Memorial op 13th"]
[Site "Merida"]
[Date "2000.12.16"]
[Round "2"]
[White "Garmendez Gonzalez, Carlos"]
[Black "Gonzalez Zamora, Juan Carlos"]
[Result "0-1"]
[WhiteElo "2224"]
[BlackElo "2531"]
[PlyCount "131"]
[EventDate "2000.12.15"]
[EventType "swiss"]
[EventRounds "9"]
[EventCountry "MEX"]
[SourceTitle "CBM 079 Extra"]
[Source "ChessBase"]
[SourceDate "2001.01.11"]
[SourceVersion "2"]
[SourceVersionDate "2001.01.25"]
[SourceQuality "1"]

1. d4 Nf6 2. Nf3 c5 3. d5 b5 4. a4 b4 5. e3 d6 6. Bb5+ Bd7 7. Qd3 g6 8. b3 Bg7 9. Bb2 0-0 10. Bxd7 Qxd7 11. Nbd2 Qb7 12. Bxf6 exf6 13. Rd1 f5 14. 0-0 Nd7 15. e4 Nf6 16. exf5 Nxd5 17. Ne4 Nc3 18. Nxc3 Bxc3 19. Qxd6 Qe4 20. fxg6 hxg6 21. Qxc5 Qxc2 22. Qc4 Rac8 23. Qh4 Qxb3 24. Ng5 Rfd8 25. Rxd8+ Rxd8 26. Nxf7 Rd1 27. Nh6+ Kg7 28. Nf5+ gxf5 29. Qg5+ Kf8 30. Qxf5+ Ke7 31. Qc5+ Rd6 32. Qxa7+ Kf6 33. Qa8 Kg7 34. a5 Qe6 35. Qf3 Qd5 36. Qe3 Re6 37. Qg3+ Rg6 38. Qc7+ Qf7 39. Qc5 Qd7 40. g3 Rd6 41. Qg5+ Kf7 42. Qh5+ Ke7 43. Qg5+ Kf8 44. Qc5 Qc6 45. Qf5+ Ke8 46. Qg4 Kd8 47. Rd1 Rxd1+ 48. Qxd1+ Kc7 49. Qb3 Kb7 50. Qf7+ Ka6 51. g4 Bf6 52. Qa2 Qe4 53. h3 Bh4 54. Qd2 Kxa5 55. g5 Ka4 56. Qa2+ Kb5 57. Qd2 b3 58. Qc3 Ka4 59. Qd2 Ka3 60. Qa5+ Kb2 61. Qd2+ Kb1 62. Qd1+ Ka2 63. Qd2+ b2 64. Qa5+ Kb1 65. Kf1 Qc2 66. Qb6 0-1

[Event "Carlos Torre Memorial op 07th"]
[Site "Merida"]
[Date "1994.??.??"]
[Round "8"]
[White "Garmendez Gonzalez, Carlos"]
[Black "Alayola Montanez, Jose Enrique"]
[Result "1/2-1/2"]
[WhiteElo "2220"]
[BlackElo "2215"]
[PlyCount "41"]
[EventDate "1994.12.??"]
[EventType "swiss"]
[EventRounds "9"]
[EventCountry "MEX"]
[SourceTitle "EXT 2005"]
[Source "ChessBase"]
[SourceDate "2004.11.15"]
[SourceVersion "1"]
[SourceVersionDate "2004.11.15"]
[SourceQuality "1"]

1. e4 c5 2. c3 e6 3. d4 cxd4 4. cxd4 d5 5. exd5 Qxd5 6. Nc3 Qd8 7. d5 exd5 8. Qxd5 Qxd5 9. Nxd5 Bd6 10. Bb5+ Bd7 11. Bxd7+ Nxd7 12. Nf3 Ngf6 13. Nxf6+ Nxf6 14. 0-0 0-0 15. Be3 Rfd8 16. Rac1 Ng4 17. Bg5 f6 18. Bh4 Ne5 19. Rc3 Rac8 20. Rb3 Nxf3+ 21. Rxf3 1/2-1/2

[Event "Carlos Torre Memorial op 07th"]
[Site "Merida"]
[Date "1994.??.??"]
[Round "6"]
[White "Garmendez Gonzalez, Carlos"]
[Black "Miranda, Ruben"]
[Result "1-0"]
[WhiteElo "2230"]
[BlackElo "1845"]
[PlyCount "111"]
[EventDate "1994.12.??"]
[EventType "swiss"]
[EventRounds "9"]
[EventCountry "MEX"]
[SourceTitle "EXT 2005"]
[Source "ChessBase"]
[SourceDate "2004.11.15"]
[SourceVersion "1"]
[SourceVersionDate "2004.11.15"]
[SourceQuality "1"]

1. e4 d6 2. d4 g6 3. Nc3 Bg7 4. Be3 Nf6 5. f3 0-0 6. Qd2 a6 7. Bh6 c5 8. dxc5 dxc5 9. Qxd8 Rxd8 10. Be3 Nfd7 11. Nge2 b5 12. 0-0-0 Nc6 13. Nd5 Bb7 14. Bg5 Kf8 15. Be3 Rac8 16. Ndf4 Na5 17. Ng3 Ke8 18. Be2 Bh6 19. Kb1 Bc6 20. h4 Nc4 21. Bxc4 bxc4 22. h5 Bg7 23. hxg6 hxg6 24. Nge2 Rb8 25. c3 Rb7 26. Rd2 Rdb8 27. Ka1 a5 28. Rc1 Rb5 29. Nh3 Nb6 30. Nf2 Na4 31. Nd1 Bd7 32. Bf4 R8b7 33. Ng1 e5 34. Be3 f5 35. Rcc2 fxe4 36. fxe4 Bc6 37. Nf2 Bf8 38. Nf3 Rh7 39. a3 Re7 40. Rd6 Rb6 41. Bg5 Reb7 42. Rd8+ Kf7 43. Nxe5+ Kg7 44. Nxc4 Rb5 45. Bh6+ Kxh6 46. Rxf8 Re7 47. Nd6 Rb3 48. Ka2 c4 49. Nxc4 Nc5 50. Nxa5 Rb6 51. Nxc6 Rxc6 52. Rf3 Nxe4 53. Re3 Rce6 54. Nxe4 Rxe4 55. Rxe4 Rxe4 56. c4 1-0

[Event "Capablanca Memorial-C"]
[Site "Cuba"]
[Date "1993.??.??"]
[Round "5"]
[White "Garmendez Gonzalez, Carlos"]
[Black "Paneque, Pedro"]
[Result "0-1"]
[WhiteElo "2225"]
[BlackElo "2415"]
[PlyCount "82"]
[EventDate "1993.??.??"]
[EventType "tourn"]
[EventRounds "13"]
[EventCountry "CUB"]
[EventCategory "3"]
[SourceTitle "EXT 1997"]
[Source "ChessBase"]
[SourceDate "1996.11.15"]
[SourceVersion "1"]
[SourceVersionDate "1996.11.15"]
[SourceQuality "1"]

1. Nf3 e6 2. g3 f5 3. d3 Nf6 4. Bg2 d5 5. Bg5 h6 6. Bxf6 Qxf6 7. d4 Bd6 8. c4 c6 9. c5 Bc7 10. e3 Nd7 11. Nc3 0-0 12. Qc2 g5 13. 0-0-0 b6 14. cxb6 axb6 15. Nd2 Bb7 16. f4 b5 17. Kb1 Bd6 18. Nf3 Nb6 19. fxg5 hxg5 20. g4 Nc4 21. Rde1 fxg4 22. Ne5 Nxe5 23. dxe5 Bxe5 24. h4 gxh4 25. Reg1 g3 26. Bh3 Kg7 27. Bf1 Qg5 28. Bd3 Rf6 29. Ne2 Raf8 30. Qc5 Rf2 31. Nd4 Qf6 32. Nxe6+ Qxe6 33. Rxh4 Rh8 34. Rxh8 Kxh8 35. Rh1+ Kg8 36. Rh5 Rf7 37. Qc2 Qg4 38. Be2 Rf1+ 39. Bxf1 Qxh5 40. a3 Kg7 41. Ka2 Qf7 0-1

[Event "Capablanca Memorial-C"]
[Site "Cuba"]
[Date "1993.??.??"]
[Round "6"]
[White "Pupo, Emilio"]
[Black "Garmendez Gonzalez, Carlos"]
[Result "1-0"]
[WhiteElo "2375"]
[BlackElo "2225"]
[PlyCount "59"]
[EventDate "1993.??.??"]
[EventType "tourn"]
[EventRounds "13"]
[EventCountry "CUB"]
[EventCategory "3"]
[SourceTitle "EXT 1997"]
[Source "ChessBase"]
[SourceDate "1996.11.15"]
[SourceVersion "1"]
[SourceVersionDate "1996.11.15"]
[SourceQuality "1"]

1. e4 d6 2. d4 Nf6 3. Bd3 g6 4. Nf3 Bg7 5. 0-0 Bg4 6. Nbd2 0-0 7. h3 Bxf3 8. Nxf3 Nfd7 9. c3 e5 10. Qb3 Nb6 11. a4 a5 12. Bg5 Bf6 13. Bh6 Bg7 14. Bg5 Bf6 15. Be3 exd4 16. cxd4 Nc6 17. Bb5 Nb4 18. d5 c6 19. dxc6 bxc6 20. Bxc6 Rc8 21. Rac1 Rxc6 22. Rxc6 Nxc6 23. Bxb6 Qe7 24. Qd5 Ne5 25. Nd4 Rb8 26. Bxa5 Rxb2 27. Bc3 Rb7 28. f4 Rc7 29. fxe5 Bxe5 30. Nc6 1-0

[Event "Linares NL"]
[Site "Linares"]
[Date "1992.??.??"]
[Round "?"]
[White "Alonso Garcia, Rene Marcial"]
[Black "Garmendez Gonzalez, Carlos"]
[Result "1-0"]
[WhiteElo "2395"]
[BlackElo "2240"]
[PlyCount "93"]
[EventDate "1992.09.??"]
[EventType "tourn"]
[EventRounds "15"]
[EventCountry "MEX"]
[EventCategory "8"]
[SourceTitle "CBM 033 Extra"]
[Source "ChessBase"]
[SourceDate "1993.05.01"]
[SourceVersion "1"]
[SourceVersionDate "1993.05.01"]
[SourceQuality "1"]

1. e4 d6 2. d4 g6 3. c4 Bg7 4. Nc3 Nf6 5. Nf3 0-0 6. h3 c5 7. d5 b5 8. cxb5 a6 9. b6 Qxb6 10. Nd2 Bd7 11. Nc4 Qc7 12. a4 a5 13. Be2 Na6 14. 0-0 Rfb8 15. Bf4 Ne8 16. Qd2 Bd4 17. Rfe1 f6 18. Be3 Nb4 19. Rac1 Bxe3 20. Qxe3 Na6 21. f4 Rb4 22. Ra1 Ng7 23. Qd2 Rab8 24. Nd1 Bxa4 25. Nc3 Bd7 26. Nxa5 c4 27. Qd4 Nc5 28. Nxc4 Qc8 29. Qf2 Nb3 30. Ra7 Be8 31. Rxe7 Rxc4 32. Bxc4 Qxc4 33. Rxg7+ Kxg7 34. Qa7+ Bf7 35. Qxb8 Nc5 36. Qxd6 Nd3 37. Re2 Nc1 38. Rc2 Qd4+ 39. Kh2 Nd3 40. Rd2 Qe3 41. Re2 Qc1 42. Qc7 Nxf4 43. d6 Ne6 44. Qb6 Nf8 45. Qe3 Qf1 46. e5 fxe5 47. Rf2 1-0

[Event "Linares NL"]
[Site "Linares"]
[Date "1992.??.??"]
[Round "?"]
[White "Arencibia Rodriguez, Walter"]
[Black "Garmendez Gonzalez, Carlos"]
[Result "1-0"]
[WhiteElo "2535"]
[BlackElo "2240"]
[PlyCount "73"]
[EventDate "1992.09.??"]
[EventType "tourn"]
[EventRounds "15"]
[EventCountry "MEX"]
[EventCategory "8"]
[SourceTitle "CBM 033 Extra"]
[Source "ChessBase"]
[SourceDate "1993.05.01"]
[SourceVersion "1"]
[SourceVersionDate "1993.05.01"]
[SourceQuality "1"]

1. d4 d6 2. e4 g6 3. h4 Bg7 4. h5 Nc6 5. Bb5 Bd7 6. Ne2 a6 7. Bxc6 bxc6 8. Nbc3 Rb8 9. Qd3 Qc8 10. f3 e5 11. d5 c5 12. b3 Nf6 13. g4 Bb5 14. Qd2 Bxe2 15. Nxe2 Nd7 16. c4 Nb6 17. Ng3 Qd8 18. Rh3 Qe7 19. Qh2 Bf6 20. Ke2 Bg5 21. hxg6 fxg6 22. Bxg5 Qxg5 23. Rxh7 Rxh7 24. Qxh7 Nxc4 25. Nf1 Rb7 26. bxc4 Rb2+ 27. Ke1 Kd8 28. Rd1 Qf4 29. Qh3 Rxa2 30. Qh8+ Ke7 31. Qg7+ Kd8 32. Rb1 Rb2 33. Rxb2 Qc1+ 34. Ke2 Qxb2+ 35. Nd2 a5 36. f4 a4 37. f5 1-0

[Event "Linares NL"]
[Site "Linares"]
[Date "1992.??.??"]
[Round "?"]
[White "Browne, Walter Shawn"]
[Black "Garmendez Gonzalez, Carlos"]
[Result "0-1"]
[WhiteElo "2515"]
[BlackElo "2240"]
[PlyCount "78"]
[EventDate "1992.09.??"]
[EventType "tourn"]
[EventRounds "15"]
[EventCountry "MEX"]
[EventCategory "8"]
[SourceTitle "CBM 033 Extra"]
[Source "ChessBase"]
[SourceDate "1993.05.01"]
[SourceVersion "1"]
[SourceVersionDate "1993.05.01"]
[SourceQuality "1"]

1. d4 a6 2. e4 g6 3. Nc3 Bg7 4. Nge2 d6 5. g3 Nf6 6. Bg2 0-0 7. 0-0 c6 8. h3 e5 9. a4 Nbd7 10. b3 Re8 11. Ba3 Bf8 12. Bb2 Rb8 13. a5 Bg7 14. Re1 Nf8 15. Qd2 N8d7 16. Na4 Qc7 17. dxe5 dxe5 18. Nc1 Bf8 19. Nd3 Nh5 20. Rad1 Ng7 21. Nb6 Nxb6 22. axb6 Qxb6 23. Nxe5 Be6 24. Nd3 Rbd8 25. Qc3 Rd7 26. Kh2 Red8 27. f4 Qb5 28. Bf1 Qh5 29. Bg2 Qb5 30. Re3 c5 31. Ra1 c4 32. Ra5 Qb6 33. Nc5 Rd2 34. b4 Qc6 35. Nxe6 Qxe6 36. Rd5 R8xd5 37. exd5 Qxd5 38. Rf3 b5 39. g4 Re2 0-1

[Event "Linares NL"]
[Site "Linares"]
[Date "1992.??.??"]
[Round "?"]
[White "Garmendez Gonzalez, Carlos"]
[Black "Hernandez Guerrero, Gilberto Eduardo"]
[Result "0-1"]
[WhiteElo "2240"]
[BlackElo "2480"]
[PlyCount "75"]
[EventDate "1992.09.??"]
[EventType "tourn"]
[EventRounds "15"]
[EventCountry "MEX"]
[EventCategory "8"]
[SourceTitle "CBM 033 Extra"]
[Source "ChessBase"]
[SourceDate "1993.05.01"]
[SourceVersion "1"]
[SourceVersionDate "1993.05.01"]
[SourceQuality "1"]

1. e4 c5 2. Nf3 e6 3. d4 cxd4 4. Nxd4 Nc6 5. Nb5 d6 6. Bf4 e5 7. Be3 Nf6 8. Bg5 Be6 9. N1c3 a6 10. Na3 d5 11. exd5 Bxa3 12. dxe6 Bxb2 13. exf7+ Kf8 14. Bd2 Bxa1 15. Qxa1 Qd4 16. Be3 Qb4 17. a3 Qa5 18. Bd2 Rd8 19. Bd3 Nb4 20. 0-0 Nxd3 21. Ne4 Qd5 22. Nxf6 gxf6 23. cxd3 Kxf7 24. Be3 h5 25. Qb2 b5 26. Bb6 Rdg8 27. f3 h4 28. d4 Rb8 29. Bc5 Rbd8 30. Bb6 Rd6 31. Bc5 Rd7 32. Qf2 exd4 33. Bb4 d3 34. Kh1 Qc4 35. h3 Qf4 36. Bd2 Qg3 37. Qb6 Re8 38. Bc3 0-1

[Event "Linares NL"]
[Site "Linares"]
[Date "1992.??.??"]
[Round "?"]
[White "Garmendez Gonzalez, Carlos"]
[Black "Martin Del Campo C, Roberto Abel"]
[Result "0-1"]
[WhiteElo "2240"]
[BlackElo "2425"]
[PlyCount "95"]
[EventDate "1992.09.??"]
[EventType "tourn"]
[EventRounds "15"]
[EventCountry "MEX"]
[EventCategory "8"]
[SourceTitle "CBM 033 Extra"]
[Source "ChessBase"]
[SourceDate "1993.05.01"]
[SourceVersion "1"]
[SourceVersionDate "1993.05.01"]
[SourceQuality "1"]

1. d4 Nf6 2. c4 g6 3. Nc3 Bg7 4. e4 d6 5. f3 0-0 6. Be3 Nc6 7. Qd2 a6 8. Nge2 Rb8 9. Bh6 Bxh6 10. Qxh6 e5 11. d5 Nd4 12. Nxd4 exd4 13. Ne2 c5 14. Ng3 b5 15. b3 Bd7 16. h4 Qe7 17. Bd3 bxc4 18. bxc4 Rb2 19. 0-0 Kh8 20. Rfb1 Rfb8 21. Rxb2 Rxb2 22. Qc1 Rb4 23. Rb1 a5 24. a3 Rxb1 25. Bxb1 Ne8 26. Qf4 Ba4 27. Bd3 Kg8 28. h5 Qb7 29. hxg6 hxg6 30. Qd2 Qb3 31. f4 Qxa3 32. e5 Qc3 33. Qxc3 dxc3 34. Ne2 c2 35. Nc1 Kf8 36. Kf2 Nc7 37. Ke3 Na6 38. Kd2 Nb4 39. Be4 Ke7 40. Kc3 dxe5 41. fxe5 f6 42. exf6+ Kxf6 43. Kb2 g5 44. Nd3 Nxd3+ 45. Bxd3 Bb3 46. Bxc2 Bxc4 47. Kc3 Bxd5 48. g3 0-1

[Event "Linares NL"]
[Site "Linares"]
[Date "1992.??.??"]
[Round "?"]
[White "Garmendez Gonzalez, Carlos"]
[Black "Sariego Figueredo, Wilfredo"]
[Result "1-0"]
[WhiteElo "2240"]
[BlackElo "2435"]
[PlyCount "91"]
[EventDate "1992.09.??"]
[EventType "tourn"]
[EventRounds "15"]
[EventCountry "MEX"]
[EventCategory "8"]
[SourceTitle "CBM 033 Extra"]
[Source "ChessBase"]
[SourceDate "1993.05.01"]
[SourceVersion "1"]
[SourceVersionDate "1993.05.01"]
[SourceQuality "1"]

1. e4 d5 2. exd5 Nf6 3. d4 Nxd5 4. Be2 g6 5. c3 Bg7 6. Nf3 0-0 7. 0-0 Nc6 8. Na3 a5 9. Nc4 a4 10. Na3 e5 11. Nxe5 Nxe5 12. dxe5 Bxe5 13. Bf3 Be6 14. Re1 Bg7 15. Qe2 c6 16. c4 Nb4 17. Be3 Re8 18. Rad1 Qe7 19. Rd2 Nxa2 20. Ra1 Nb4 21. Rad1 Na6 22. Bd4 Bxd4 23. Rxd4 Bf5 24. Qxe7 Rxe7 25. g4 Be6 26. h4 Nc5 27. Kg2 Kg7 28. Nc2 Ree8 29. Ne3 Ra6 30. g5 Rb6 31. R4d2 Rb4 32. Rc2 f5 33. gxf6+ Kxf6 34. Bg4 h5 35. Bf3 Nd7 36. Rd4 Ne5 37. Be2 Nf7 38. Rcd2 Bf5 39. Nxf5 Kxf5 40. f3 Ne5 41. c5 Rxd4 42. Rxd4 Ra8 43. f4 Nf7 44. Rd7 Nh6 45. Kf3 a3 46. Rd6 1-0

[Event "Linares NL"]
[Site "Linares"]
[Date "1992.??.??"]
[Round "?"]
[White "Garmendez Gonzalez, Carlos"]
[Black "Vera Gonzalez Quevedo, Reynaldo"]
[Result "0-1"]
[WhiteElo "2240"]
[BlackElo "2495"]
[PlyCount "86"]
[EventDate "1992.09.??"]
[EventType "tourn"]
[EventRounds "15"]
[EventCountry "MEX"]
[EventCategory "8"]
[SourceTitle "CBM 033 Extra"]
[Source "ChessBase"]
[SourceDate "1993.05.01"]
[SourceVersion "1"]
[SourceVersionDate "1993.05.01"]
[SourceQuality "1"]

1. d4 Nf6 2. c4 c5 3. d5 e6 4. Nc3 exd5 5. cxd5 d6 6. e4 g6 7. f3 Bg7 8. Nge2 0-0 9. Ng3 h5 10. Bg5 Qb6 11. Qd2 Nh7 12. Be3 Nd7 13. a4 h4 14. Nge2 Ne5 15. Nc1 h3 16. a5 Qd8 17. Qf2 f5 18. Nd3 Nc4 19. e5 hxg2 20. Bxg2 Nxe5 21. Nxe5 Bxe5 22. f4 Bg7 23. Qg3 Re8 24. Kd2 b5 25. Qxg6 b4 26. Nb5 Nf6 27. Bf3 Rxe3 28. Kxe3 a6 29. Kf2 axb5 30. Rae1 Qf8 31. h4 Ne4+ 32. Kf1 Bd7 33. Rg1 Qf7 34. Qg2 Rxa5 35. h5 Kh8 36. Bxe4 fxe4 37. Qxe4 Ra2 38. h6 Bd4 39. Rg3 Rxb2 40. Re2 Rxe2 41. Kxe2 Bf5 42. Qg2 c4 43. Rg5 b3 0-1